LEADER 01681nam a2200301 u 4500 001 000000017304 003 CaOOAMICUS 005 20070226110105.0 008 941010s1988 it af u000 u ita u 035 $a10405169 040 $aPUL(R)$bita 041 0 $aita$hfre 100 1 $aFuret, François,$d1927-1997.$0(OLS)http://pul/name/15590 240 10$aDictionnaire critique de la Révolution française.$lItaliano.$0(OLS)http://pul/title/24767 245 10$aDizionario critico della Rivoluzione francese /$cFrançois Furet [e] Mona Ozouf ; edizione italiana a cura di Massimo Boffa. 260 $aMilano :$bBompiani,$c1988. 300 $axvi, 1035 p., [32] p. di tav. (pt. color.) :$bill. ;$c27 cm 500 $aCon la collaborazione di: B. Baczko, K.M. Baker, L. Bergeron, D.D. Bien, M. Boffa, G. Bossenga, M. Bruguière, Y. Fauchois, L. Ferry, A. Forrest, M. Gauchet, G. Gengembre, J. Goy, P. Gueniffey, R. Halévi, P. Higonnet, B. Manin, P. Nora, Ph. Raynaud, J. Revel, D. Richet, P. Rosanvallon. 500 $aComprende indice. 504 $aIndicazioni bibliografiche alla fine di ogni voce. 651 4$aFrancia$xStoria$xEnciclopedie e dizionari$yRivoluzione, 1789-1799.$0(OLS)http://pul/subject/12169 700 1 $aBoffa, Massimo.$0(OLS)http://pul/name/15592 700 1 $aOzouf, Mona.$0(OLS)http://pul/name/15591 850 $aPUL 852 $aPUL$W1$xSL Cons. Gen., Altre Classi 1$y1$m2011 E 8$j156172$nBK-PRI$qStampati$B24376$CPULBib$Z2$F24376 $H61071 $82 941 1 $a8 996 $6245$aDizionario critico della Rivoluzione francese$9(OLS)http://pul/title/24768 996 $6260$aMilano :$bBompiani$9(OLS)http://pul/publisher/48240 LEADER 01348nam a2200289 a 4500 001 000000151913 003 CaOOAMICUS 005 20160520092315.0 008 160520s2016 gw u001 u eng r 020 $z978-3-16-154523-8* 032 $aLibriCat 040 $aPUL$bita 100 1 $aKinney, Robert S.$0(OLS)http://pul/name/81943 245 10$aHellenistic dimensions of the Gospel of Matthew :$bbackground and rhetoric /$cRobert S. Kinney. 260 $aTübingen :$bMohr Siebeck,$c©2016. 300 $aXIV, 338 p. ;$c24 cm. 490 1 $aWissenschaftliche Untersuchungen zum Neuen Testament. Reihe 2 ;$v414 504 $aInclude riferimenti bibliografici e indici. 630 04$aBiblia.$pN.T.$pMatthaeus$xCritica e interpretazione.$0(OLS)http://pul/subject/37789 830 0$aWissenschaftliche Untersuchungen zum Neuen Testament.$nReihe 2 ;$v414.$0(OLS)http://pul/title/264 850 $aPUL 852 $aPUL$W1$xSL Religione 1$y3$m16 I 414$j174582$qStampati$B177138$CPULBib$Z2$F177138 $H127705 $81 941 1 $a8 996 $6020$z978-3-16-154523-8*$9(OLS)http://pul/number/160384 996 $6245$aHellenistic dimensions of the Gospel of Matthew :$bbackground and rhetoric$9(OLS)http://pul/title/191221 996 $6260$aTübingen :$bMohr Siebeck$9(OLS)http://pul/publisher/52004